000 00576nam a2200169 4500
001 132078
003 ES-MaACL
005 20230906194112.0
007 t|
008 070214s1969 sp r ||||1| spa d
100 1 _aRodríguez Salas, Manuel.
_998791
245 1 3 _aEl caballero eremita
_b: o La Virgen del Santuario de la Cueva : (leyenda medieval) /
_cManuel Rodríguez Salas.
260 _aLa Coruña :
_b[s. n.],
_c1969 (
_fTip. El Ideal Gallego)
300 _a158 p. ;
_c22 cm.
740 0 _aLa Virgen del Santuario de la Cueva.
852 _aES-MaACL
_jC-48491
_bR.69570
999 _c132078
_d132078